Countries Named After Legendary Figures - Statistics

General Stats
  • This quiz has been taken 83 times
  • The average score is 10 of 16
Answer Stats
Legendary Figure Country % Correct
Éire (Ériu) Ireland
94%
Čech Czech Republic
92%
Rus Belarus/Russia
91%
Nor Norway
89%
Saint Lucy Saint Lucia
89%
Bengal (possibly named after Bang/Bung) Bangladesh
87%
Romulus Romania
85%
King Solomon of Israel and Judah Solomon Islands
85%
Hunor Hungary
57%
Sage Kambu Swayambhuva Cambodia
43%
Bharata India
43%
Jacob Israel
38%
Lech Poland
34%
Hayk Armenia
11%
Means "Land of Tehuti" or "Land of Thoth" Djibouti
9%
Lava Laos
9%
No matching quizzes found
Score Distribution
Percent of People with Each Score
Percentile by Number Answered
Your Score History
You have not taken this quiz